Innovation : Award-Winning Industrial Design /

Catálogo que reúne 320 diseños galardonados con los Premios de Excelencia al Diseño (IDEA por sus siglas en inglés), patrocinados por la Sociedad de Diseñadores Industriales de Estados Unidos (IDSA por sus siglas en inglés), entre los años 1991 y 1993. Cada diseño es acompañado con dibujos, esquemas...

Descripción completa

Guardado en:
Detalles Bibliográficos
Autor corporativo: Industrial Designers Society of America
Formato: Libro
Idioma:Inglés
Publicado: Nueva York, EUA : PBC International, 1994, c1994
Temas:
Etiquetas: Agrega una etiqueta
Sin etiquetas, Sé el primero en etiquetar este registro!

MARC

LEADER 00000nam^a2200000^a^4500
001 000142891
005 20250521000000.0
009 20260310095704.051
020 |a 0-86636-377-7 
037 |a Acervo ITESO - Biblioteca 
041 |a ING 
082 |a 745. 2  |b IND 
110 |a Industrial Designers Society of America 
245 1 0 |a Innovation :  |b Award-Winning Industrial Design /  |c Industrial Designers Society of America. 
264 4 |a Nueva York, EUA :  |b PBC International,  |c 1994, c1994 
300 |a 184 p. 
336 |a texto  |b txt  |2 rdacontenido 
337 |a sin mediación  |b n  |2 rdamedio 
338 |a volumen  |b nc  |2 rdasoporte 
520 |a Catálogo que reúne 320 diseños galardonados con los Premios de Excelencia al Diseño (IDEA por sus siglas en inglés), patrocinados por la Sociedad de Diseñadores Industriales de Estados Unidos (IDSA por sus siglas en inglés), entre los años 1991 y 1993. Cada diseño es acompañado con dibujos, esquemas e información sobre sus objetivos, soluciones y resultados en términos de éxito del producto, rentabilidad, impacto sobre el medio ambiente y beneficios para el usuario. Los trabajos están distribuidos en tres secciones: diseño para el consumidor, diseño para la industria y diseño ambiental y de empaques. 
649 |a XX 
650 |a Diseño Industrial -  |z EUA 
650 |a Diseño Industrial -  |x Premios 
650 |a Diseño Industrial -  |x Catálogos 
650 |a Diseño Norteamericano 
910 |a Fondo General 
920 |a Impresos - Libros 
930 |a Reserva Especial 
905 |a 103 
901 |a 0500071400  |b IT1  |c REE  |u 20250521 
902 |a https://opac.biblio.iteso.mx/vufind/Record/000142891